Podręcznik ICLEI[International Council for Local Environmental Initiatives] w zakresie zarządzania środowiskiem dla władz samorządowych Środkowej i Wschodniej Europy. (Rekord nr 36598)
| 000 -ETYKIETA REKORDU | |
|---|---|
| podpole kontrolne o stałej długości | 01175nam a2200265 i 4500 |
| 001 - NUMER KONTROLNY REKORDU | |
| pole kontrolne | bg |
| 040 ## - ŹRÓDŁO KATALOGOWANIA | |
| Instytucja, która utworzyła rekord | BPK |
| 041 1# - KOD JĘZYKA | |
| Kod języka tekstu | pl |
| Kod języka oryginału | en |
| 080 ## - UNIWERSALNA KLASYFIKACJA DZIESIĘTNA - UKD | |
| UKD | 352/353:332.1:504.06](4-191.2-11) |
| 008 - POLE O STAŁEJ DŁUGOŚCI - DANE KONTROLNE | |
| podpole kontrolne o stałej długości | s pl f |000 0 pol |
| 100 1# - NAZWA OSOBOWA | |
| Nazwa osobowa | HEWITT, Nicola |
| 245 00 - TYTUŁ/ODPOWIEDZIALNOŚĆ | |
| Tytuł | Podręcznik ICLEI[International Council for Local Environmental Initiatives] w zakresie zarządzania środowiskiem dla władz samorządowych Środkowej i Wschodniej Europy. |
| Oznaczenie części/sekcji dzieła | T.14, |
| Tytuł części/sekcji dzieła | Zapobieganie zanieczyszczaniu atmosfery / |
| Pozostałe elementy strefy tytułu i oznaczenia odpowiedzialności | Teemu Virtanen, Kari Hämekoski ; Nicola Hewitt ; [kier. projektu Konrad Otto-Zimmermann]. |
| 260 ## - STREFA ADRESU WYDAWNICZEGO | |
| Miejsce wydania | Freiburg ; Gdańsk : |
| Nazwa wydawcy/dystrybutora | ICLEI European Secretariat : |
| -- | Fundacja ECOBALTIC, |
| Data publikacji, dystrybucji/powstania dokumentu | 1997. |
| 300 ## - STREFA OPISU FIZYCZNEGO | |
| Objętość | 40, [1] s. ; |
| Rozmiary | 30 cm. |
| 500 ## - UWAGI OGÓLNE | |
| Tekst uwagi | Zawiera dodatek dotyczący Unii Europejskiej. |
| 650 #9 - HASŁO PRZEDMIOTOWE W FORMIE NAZWY OGÓLNEJ LUB JEDNOSTKOWEJ | |
| Nazwa ogólna lub geograficzna | Zarządzanie |
| Określnik ogólny | gospodarka |
| Określnik geograficzny | Europa Środkowo-Wschodnia |
| 650 #9 - HASŁO PRZEDMIOTOWE W FORMIE NAZWY OGÓLNEJ LUB JEDNOSTKOWEJ | |
| Nazwa ogólna lub geograficzna | Samorząd terytorialny |
| Określnik geograficzny | Europa Środkowo-Wschodnia |
| 650 #9 - HASŁO PRZEDMIOTOWE W FORMIE NAZWY OGÓLNEJ LUB JEDNOSTKOWEJ | |
| Nazwa ogólna lub geograficzna | Środowisko człowieka |
| Określnik ogólny | ochrona |
| Określnik geograficzny | Europa Środkowo-Wschodnia |
| 650 #9 - HASŁO PRZEDMIOTOWE W FORMIE NAZWY OGÓLNEJ LUB JEDNOSTKOWEJ | |
| Nazwa ogólna lub geograficzna | Atmosfera |
| Określnik ogólny | ochrona |
| 655 ## - TERMIN INDEKSOWY - OKREŚLENIE RODZAJU/FORMY DOKUMENTU | |
| Określenie rodzaju/formy dokumentu | Podręczniki |
| 700 1# - HASŁO DODATKOWE - NAZWA OSOBOWA | |
| Nazwa osobowa | VIRTANEN, Teemu. |
| 700 1# - HASŁO DODATKOWE - NAZWA OSOBOWA | |
| Nazwa osobowa | HÄMEKOSKI, Kari. |
| 700 1# - HASŁO DODATKOWE - NAZWA OSOBOWA | |
| Nazwa osobowa | OTTO-ZIMMERMANN, Konrad. |
| 856 ## - LOKALIZACJA I DOSTĘP DO ELEKTRONICZNYCH DOKUMENTÓW ZDALNYCH | |
| Link (URL) | http://koha.tu.koszalin.pl/cgi-bin/koha/opac-detail.pl?biblionumber=36598 |
| Tekst linku | Katalog online BPK |
| 942 ## - DODATKOWE ELEMENTY (KOHA) | |
| Typ dokumentu | Książka |
| Wycofany | Status egzemplarza | Uszkodzony | Dostępność | Lokalizacja stała | Lokalizacja bieżąca | Miejsce przechowywania | Sygnatura | Kod kreskowy | Typ dokumentu |
|---|---|---|---|---|---|---|---|---|---|
| Dostępny | Biblioteka Politechniki Koszalińskiej | Biblioteka Politechniki Koszalińskiej | Wypożyczalnia BG | 51252 | 01469233 | Książka |
